000 00810nam a2200253 a 4500
001 BRL_385
005 20190320210722.0
008 050813s1970----mx-a######---#000-0#spa-#
041 _aspa
044 _amx
050 4 _aF1219
_b.L67 1970
245 1 0 _aLos lienzos de Tuxpan
_bcódices de tierras
_cEstudio de José Melgarejo Vivanco ; Fotografía de Manuel Álvarez Bravo
260 _aMéxico
_bLa Estampa Mexicana
_c1970
300 _a211 p.
_bil., mapas
_c27 cm.
500 _aAu348
504 _aBibliografía: p. 107-109
630 0 4 _aCódices Tuxpan
_923738
650 1 4 _aIndígenas de México
_zVeracruz
_923739
650 1 4 _aTuxpan (Veracruz)
_xAntigüedades
_923740
700 1 _aMelgajero Vivanco, José Luis
_923741
700 1 _aAlvarez Bravo, Manuel
_910450
902 _aGRL
942 _2lcc
_cB
999 _c9198
_d9198